World Cup 2026 Host Cities - Statistics

General Stats
  • This quiz has been taken 151 times
  • The average score is 14 of 16
Answer Stats
Games Latest Round City % Correct
8 Quarter-Final Los Angeles
96%
8 Final New York | New Jersey
96%
5 Round of 16 Mexico City
95%
7 3rd Place Game Miami
94%
6 Round of 32 Toronto
94%
6 Round of 16 Vancouver
94%
6 Round of 16 Seattle
86%
7 Round of 16 Houston
85%
7 Semi-Final Boston
84%
6 Round of 32 San Francisco
84%
9 Semi-Final Dallas | Arlington
83%
4 Group Stage Guadalajara
81%
4 Round of 32 Monterrey
81%
8 Semi-Final Atlanta
76%
6 Round of 16 Philadelphia
72%
6 Quarter-Final Kansas City
62%
No matching quizzes found
Score Distribution
Percent of People with Each Score
Percentile by Number Answered
Your Score History
You have not taken this quiz